Produktivita - ako ďalej?

Produktivita ako jeden z rozhodujúcich faktorov konkurenčnej schopnosti národných ekonomík. Hodnotenie produktivity. Príčiny nízkej produktivity v SR. Definície a výklad pojmu produktivita. Meranie produktivity. Audit produktivity. Zlepšovanie produktivity. Hnutie produktivity. Techniky a prístupy p...

Ausführliche Beschreibung

Gespeichert in:
Bibliographische Detailangaben
1. Verfasser: Gregor, Milan
Format: Buchkapitel
Sprache:Slowakisch
Schlagworte:
Tags: Tag hinzufügen
Keine Tags, Fügen Sie das erste Tag hinzu!

MARC

LEADER 00000naa a2200000 4500
001 r042984
005 20231002121101.3
041 0 |a slo 
044 |a SK 
245 1 0 |a Produktivita - ako ďalej?  |c Milan Gregor 
520 |a Produktivita ako jeden z rozhodujúcich faktorov konkurenčnej schopnosti národných ekonomík. Hodnotenie produktivity. Príčiny nízkej produktivity v SR. Definície a výklad pojmu produktivita. Meranie produktivity. Audit produktivity. Zlepšovanie produktivity. Hnutie produktivity. Techniky a prístupy podporujúce rast produktivity. 
610 2 0 |a produktivita 
610 2 0 |a meranie produktivity práce 
610 2 0 |a konkurencieschopnosť 
610 2 0 |a hospodárstvo národné 
610 2 0 |a produktivita práce 
610 2 0 |a audit 
610 2 0 |a break even point 
610 2 0 |a rast produktivity práce 
100 1 |a Gregor, Milan